00305nam a22001337a 4500003000400000008004100004022001800045082001600063100001800079245003000097250001100127260002500138300000800163OSt240413b |||||||| |||| 00| 0 eng d a9789355510655 a005.133 DID aDIXIT,Rituraj aData Analysis With Python a1st Ed aNew DelhibBPBc2024 a258